Elokuvahahmot - Statistics

Yleistilastot
  • Tätä visaa on pelattu 80 kertaa
  • Keskiarvotulos 4 / 8
Vastaustilastot
Hint Vastaus % Oikein
My name is Forrest, Forrest __. Forrest Gump
92%
A martini. Shaken, not stirred. James Bond
68%
No, I am your father. Darth Vader
66%
Why so serious? Jokeri
66%
I´m the king of the world! Jack Dawson
37%
With great power comes great responsibility. Ben Parker
20%
Frankly, my dear, I don´t give a damn. Rhett Butler
7%
Life finds a way. Ian Malcolm
1%
Ehtoja vastaavia visoja ei löytynyt
Tulosjakauma
Jokaisen tuloksen saaneiden osuus
Persentiili vastausten määrän mukaan
Tuloshistoriasi
Et ole pelannut tätä visaa